000 nam a22 7a 4500
999 _c30026
_d30025
003 OSt
005 20171003123958.0
008 171003b xxu||||| |||| 00| 0 eng d
040 _aMMU
_beng
_cMMU
_dMMU
050 _aGV272 .G736 2002
245 _aGrand mesa plateau interpretive plan:
_bgrand mesa, uncompahgre and gunnison national forests grand junction and collbran ranger districts /
300 _a(Various pages ) .:
_bill.;
600 _aGrand mesa plateau
942 _2lcc
_cLOAN LOAN